00573nam a22002177a 450000500170000001000110001702000100002803500110003803700160004904000120006508200130007710000170009024500700010726000450017727000120022230000240023449000220025850000330028065000220031365000200033520170124110213.0 a453455 c00.00 a453455 bCen Lib/Ret aDPLbEN a921bMOR aMoran, Lord  aChurchill :cby Lord Moran bthe strugle for survival 1940-1965 / aBoston bHoughton Mifflin Company c1966 bBoston  axv, 877p.c19cm(Hb) aIncredible india  aIncludes appendix and index  aPolitical science z aBiographies